Histoire abrégée des sciences mathématiques /
Guardado en:
| Autor Principal: | |
|---|---|
| Otros Autores: | |
| Formato: | Libro |
| Idioma: | French |
| Publicado: |
Paris :
Librairie Vuibert
|
| Etiquetas: |
Agregar Etiqueta
Sin Etiquetas, Sea el primero en etiquetar este registro!
|
| LEADER | 00550nam a22001575a 4500 | ||
|---|---|---|---|
| 001 | MAT.inmabb001560 | ||
| 008 | 031124s1955####fr############000#0#fre#d | ||
| 005 | 20170818124523.0 | ||
| 245 | 1 | 0 | |a Histoire abrégée des sciences mathématiques / |c Maurice d'Ocagne ; ouvrage recueilli et achevé par René Dugas. |
| 260 | |a Paris : |b Librairie Vuibert |g (1955) | ||
| 300 | |a 405 p. ; |c 24 cm. | ||
| 510 | 4 | |a MR, |c MR0071348 | |
| 100 | 1 | |a Ocagne, Maurice d', |d 1862-1938. | |
| 700 | 1 | |a Dugas, René. |4 xxx | |
| 084 | |a 01A05 |2 msc2000 | ||
| 859 | |h 01A05 |i Oc15 |p A-1943 |b BIB. MATEMATICA | ||
